Základy statistiky ve zdravotnictví.

Uložené v:
Podrobná bibliografia
Hlavný autor: Komenda, S. (Author)
Médium: Kniha
Jazyk:Czech
Vydané: 1991
ISBN: 8070670797
Tagy: Pridať tag
Žiadne tagy, Buďte prvý kto otaguje tento záznam!

MARC

LEADER 00000nam a2200000 a 4500
001 000246607
005 00000000000000.0
008 040101s1991 e czeo
020 |a 8070670797 
041 0 |a cze 
100 1 |a Komenda, S.  |4 aut 
245 1 0 |a Základy statistiky ve zdravotnictví. 
260 |c 1991 
500 |a Záznam neprešiel kontrolou 
910 |a svkkk 
919 |a 80-7067-079-7 
998 |a BK 
090 |g SCKHL  |k Sklad Pribinova 2. posch.  |a II.349848  |j 850192  |i 2720059670  |s Absenčne